000 00880nam a2200277 i 4500
001 000025981
003 DO-SdBNP
005 20260305120110.0
007 ta
008 110225s2004 dr c 000 0 spa d
040 _aDO-SdBNP
_bspa
_cBNPHU
_erda
041 _aspa
082 _axxx
_bR426r
_222
110 1 _aRepública Dominicana.
_bCorporación Dominicana de Empresas Eléctricas Estatales.
_952880
245 1 0 _aRealizaciones de transmisión 2000-2004 /
_cpresentación César Sánchez Torres
264 _aSanto Domingo :
_bCDEEE,
_c2004.
300 _a181 páginas :
_bretratoss. ;
_c30 cm.
336 _ardacontent
_btexto
_2txt
337 _ardamedia
_bsin mediación
_2n
338 _ardacarrier
_bvolumen
_2nc
590 _aInventariado, 2026/DG
700 1 _aSánchez Torres, César
_epresentacion
_910187
700 _952881
910 _aDG
942 _2ddc
_cLBS1
999 _c60438
_d60438